Implicancias de los principios en la teoría jurídica de Ronald Dworkin.

Guardat en:
Dades bibliogràfiques
Autor principal: Vigo, Rodolfo Luis (autor)
Format: Llibre
Idioma:anglès
Publicat: [Santa Fe], Argentina: Universidad Nacional del Litoral, 1993.
Col·lecció:Colección Jurídica y Social,
Matèries:
Etiquetes: Afegir etiqueta
Sense etiquetes, Sigues el primer a etiquetar aquest registre!

MARC

LEADER 00000nam a22000007a 4500
003 CL-VaPUC
005 20220822114627.0
008 220714t1993 ||||| |||| 00| 0 eng d
999 |c 437069  |d 437067 
040 |c Pontificia Universidad Católica de Valparaíso 
082 |2 22  |a 340.1 VIG 1993 
100 |9 571363  |a Vigo, Rodolfo Luis   |e autor 
245 |a Implicancias de los principios en la teoría jurídica de Ronald Dworkin.  
246 |a Filosofía del Derecho.   |b [Anexos] Vientos actuales en la Filosofía del Derecho.  
260 |a [Santa Fe], Argentina:   |b Universidad Nacional del Litoral,   |c 1993. 
300 |a 72 páginas.  
490 |a Colección Jurídica y Social,   |n  12.  
500 |a c.1 Donación Familia Prof. Alejandro Guzmán Brito. 
583 |c 20220714  |k Yessy Sthefany Diaz Vidal 
650 0 |9 255982  |a Teoría del derecho 
650 0 |9 255050  |a Filosofía del derecho  
942 |2 ddc  |c BK  |n 0 
952 |0 0  |1 0  |2 ddc  |4 0  |6 340_100000000000000_VIG_1993  |7 0  |8 C_AGB  |9 584814  |a BIBDER  |b BIBDER  |d 2022-07-14  |e Donación   |i 5652833  |o 340.1 VIG 1993  |p 5652833  |r 2023-01-25  |t 1  |w 2022-07-14  |y BK_US  |k AGB